[Event "Durban USSA op"]
[Site "Durban"]
[Date "2023.12.08"]
[Round "9"]
[White "Makhetha, Laviens"]
[Black "Willenberg, Tristan"]
[Result "1-0"]
[WhiteElo "1643"]
[BlackElo "1657"]
[PlyCount "61"]
[EventDate "2023.12.04"]
[EventType "swiss"]
[EventRounds "9"]
[EventCountry "RSA"]
[SourceTitle "CB50_2023"]
[SourceDate "2023.12.13"]
[SourceVersion "1"]
[SourceVersionDate "2023.12.13"]
[SourceQuality "1"]

1. Nf3 Nf6 2. g3 d5 3. Bg2 g6 4. 0-0 Bg7 5. d4 h6 6. c4 e6 7. Qc2 0-0 8. Bf4 Nh5 9. Be3 Nd7 10. Rd1 c6 11. Na3 Nhf6 12. h3 Ne4 13. Nd2 f5 14. Nxe4 fxe4 15. f3 Qc7 16. Kh2 exf3 17. Bxf3 g5 18. cxd5 exd5 19. Bxd5+ Kh8 20. Bg2 Nf6 21. d5 Bf5 22. Qxf5 Nxd5 23. Qd3 Qxg3+ 24. Kxg3 Be5+ 25. Kg4 Nf6+ 26. Kf3 Nd5+ 27. Ke4 Bxb2 28. Bd4+ Kg8 29. Qb3 Rf4+ 30. Kd3 Rd8 31. Be3 1-0

[Event "South African op"]
[Site "Cape Town"]
[Date "2022.07.12"]
[Round "6"]
[White "Willenberg, Tristan"]
[Black "Brander, Waylon"]
[Result "0-1"]
[WhiteElo "1433"]
[BlackElo "1723"]
[PlyCount "79"]
[EventDate "2022.07.09"]
[EventType "swiss"]
[EventRounds "11"]
[EventCountry "RSA"]
[SourceTitle "CBM 209 Extra"]
[Source "ChessBase"]
[SourceDate "2022.09.30"]
[SourceVersion "1"]
[SourceVersionDate "2022.09.30"]
[SourceQuality "1"]

1. e4 c6 2. d3 d5 3. Nd2 e5 4. Ngf3 Bd6 5. g3 Nf6 6. Bg2 0-0 7. 0-0 Na6 8. h3 h6 9. Nh4 Bc7 10. b3 Re8 11. Bb2 d4 12. a4 Be6 13. Ba3 Rb8 14. Qe1 Qc8 15. Kh2 b5 16. axb5 cxb5 17. Qd1 Rb6 18. Qf3 Rc6 19. Rfc1 Ba5 20. Qd1 Bc3 21. Ra2 Qc7 22. Nb1 b4 23. Bb2 Bxb2 24. Rxb2 Nc5 25. Nd2 Nxd3 26. cxd3 Rxc1 27. Qf3 Rc2 28. Rxc2 Qxc2 29. Nc4 Bxc4 30. dxc4 d3 31. Nf5 d2 32. Nxh6+ Kf8 33. Qe3 gxh6 34. Qxh6+ Ke7 35. Qg5 Qc3 36. Bf3 Qxf3 37. Qxe5+ Kf8 38. Qd6+ Kg8 39. Qxd2 Nxe4 40. Kg1 0-1

[Event "RSA-chT U20"]
[Site "Boksburg"]
[Date "2020.01.07"]
[Round "6.4"]
[White "Prinsloo, Marthinus Philippus"]
[Black "Willenberg, Tristan"]
[Result "1-0"]
[WhiteElo "1590"]
[BlackElo "1379"]
[PlyCount "70"]
[EventDate "2020.01.04"]
[EventType "team-tourn"]
[EventRounds "7"]
[EventCountry "RSA"]
[SourceTitle "CBM 194 Extra"]
[Source "ChessBase"]
[SourceDate "2020.03.31"]
[SourceVersion "1"]
[SourceVersionDate "2020.03.31"]
[SourceQuality "1"]
[WhiteTeam "Tshwane Chess U20"]
[BlackTeam "Western Province U20"]
[WhiteTeamCountry "RSA"]
[BlackTeamCountry "RSA"]

1. d4 e6 2. c4 Nf6 3. Nf3 d5 4. Nc3 c5 5. Bf4 a6 6. e3 Nc6 7. Rc1 dxc4 8. Bxc4 b5 9. Be2 Bb7 10. 0-0 Be7 11. dxc5 Bxc5 12. Nxb5 axb5 13. Rxc5 0-0 14. Bd6 Re8 15. Bxb5 Ne4 16. Rxc6 Bxc6 17. Bxc6 Qxd6 18. Qxd6 Nxd6 19. Bxe8 Nxe8 20. Ra1 Nd6 21. a4 Nc4 22. b4 Rb8 23. b5 Na5 24. Nd4 Rc8 25. Kf1 Kf8 26. Ke2 g6 27. Kd3 Ke7 28. Ra2 e5 29. Ne2 f5 30. e4 Rd8+ 31. Kc3 fxe4 32. Kb4 Ra8 33. Nc3 Nb7 34. Nxe4 Rd8 35. Rd2 Ke8 1-0

[Event "RSA-ch U14"]
[Site "Bloemfontein"]
[Date "2016.03.21"]
[Round "3"]
[White "Willenberg, Tristan"]
[Black "Chetty, Cailin"]
[Result "0-1"]
[WhiteElo "1209"]
[BlackElo "1743"]
[PlyCount "52"]
[EventDate "2016.03.20"]
[EventType "swiss"]
[EventRounds "11"]
[EventCountry "RSA"]
[SourceTitle "CBM 171 Extra"]
[Source "ChessBase"]
[SourceDate "2016.04.26"]
[SourceVersion "1"]
[SourceVersionDate "2016.04.26"]
[SourceQuality "1"]

1. e4 c5 2. Nc3 Nc6 3. g3 g6 4. Bg2 Bg7 5. Nge2 d6 6. d3 Rb8 7. Rb1 b5 8. Bg5 h6 9. Bd2 b4 10. Nd5 e6 11. Ne3 Nge7 12. Qc1 e5 13. 0-0 0-0 14. h3 f5 15. exf5 gxf5 16. f4 Nd4 17. Nxd4 cxd4 18. Nc4 e4 19. Qe1 d5 20. Ne5 e3 21. Bxb4 Bxe5 22. Bxe7 Qxe7 23. Bxd5+ Kh7 24. fxe5 Qxe5 25. Be4 Be6 26. b3 fxe4 0-1